| 000 | 00890nam a22002417a 4500 | ||
|---|---|---|---|
| 999 |
_c5182 _d5182 |
||
| 003 | AR-CdUCM | ||
| 008 | 190312b ||||| |||| 00| 0 spa d | ||
| 040 |
_aMUNICIPALIDAD PROVINCIAL DEL CUSCO _cBIBLIOTECA MUNICIPAL DEL CUSCO |
||
| 082 |
_a985.061 / _bT48 |
||
| 100 |
_aThorndike, Guillermo _910334 |
||
| 245 | _aVienen los chilenos / | ||
| 260 |
_aLima : _bEditorial Universo, _c1978. |
||
| 300 |
_a420 páginas ; _b3 mapas, _c20 cm. |
||
| 500 | _aSolo el tomo 3. | ||
| 505 | _aContenido: t.3 La segunda invasión -- Mister Petrie llega al Callao -- Combate de Arica -- Primera prueba de los cañones peruanos -- Regresan los exploradores ... | ||
| 650 |
_aGuerra Perú Chile _915728 |
||
| 650 |
_aHistoria Republicana _915729 |
||
| 650 |
_aHistoria del Perú _9259 |
||
| 650 |
_aGuerra del Pacifico _94982 |
||
| 710 |
_aPROMOINVEST _915730 |
||
| 942 |
_2ddc _cLIBROS |
||
| 945 | _aAndy | ||